東京駅から30kmの自治体 - Statistics

General Stats
  • This quiz has been taken 159 times
  • The average score is 19 of 28
Answer Stats
Hint Answer % Correct
神奈川県 横浜市
95%
埼玉県 さいたま市
90%
千葉県 千葉市
86%
東京都 立川市
82%
埼玉県 川越市
82%
東京都 国立市
79%
千葉県 柏市
78%
東京都 町田市
77%
東京都 国分寺市
77%
埼玉県 所沢市
77%
千葉県 船橋市
77%
千葉県 野田市
75%
東京都 多摩市
71%
東京都 府中市
71%
東京都 東村山市
71%
埼玉県 春日部市
71%
東京都 小平市
69%
埼玉県 越谷市
69%
東京都 日野市
64%
千葉県 我孫子市
62%
千葉県 八千代市
62%
埼玉県 ふじみ野市
59%
東京都 東大和市
57%
埼玉県 富士見市
54%
千葉県 白井市
52%
埼玉県 松伏町
43%
千葉県 袖ケ浦市
38%
埼玉県 三芳町
34%
No matching quizzes found
Score Distribution
Percent of People with Each Score
Percentile by Number Answered
Your Score History
You have not taken this quiz